Personnages de Game of Thrones (GOT) la suite - Mort subite - Statistiques

Statistiques générales
  • Ce quiz a été pris 1 790 fois
  • Le résultat moyen est 9 sur 15
Answers on the Grid
Answers color-coded by a green-red scale on the quiz's grid according to % correct below.
Cersei Lannister
Jon Snow
Robb Stark
Yara Greyjoy
Stannis Baratheon
Mestre Pycelle
Talisa Stark
Oberyn Martell
Meera Reed
Béric Dondarrion
Thoros de Myr
Qhorin Mimain
Robin Arryn
Barristan Selmy
Jaqen H'ghar
Mestre Daniel
Benjen Tyrell
Tywin Mormont
Jack Sand
Emma Stone
Jessine Lannister
Gregan Perry
Calgor de Volantis
Tomas Shelby
Alfred Clegane
Kay Tully
Arthur Pendragon
Danys Celtigar
Leanna Hightower
Jiril Bolton
 
Statistiques - réponses
Réponse % Correct
Jon Snow
82%
Robb Stark
80%
Cersei Lannister
78%
Stannis Baratheon
75%
Oberyn Martell
74%
Yara Greyjoy
69%
Jaqen H'ghar
58%
Mestre Pycelle
58%
Robin Arryn
58%
Thoros de Myr
51%
Barristan Selmy
49%
Talisa Stark
39%
Béric Dondarrion
37%
Meera Reed
34%
Qhorin Mimain
31%
Aucun quiz correspondant
Distribution des résultats
% des personnes avec chaque résultat
Percentile par nombre de réponses
Votre historique - résultats
Vous n’avez pas pris ce quiz